Starnutie obyvateľstva v SR

Salvato in:
Dettagli Bibliografici
Autore principale: Coss, Soňa
Natura: Capitolo di libro
Lingua:slovacco
Soggetti:
Tags: Aggiungi Tag
Nessun Tag, puoi essere il primo ad aggiungerne!!

MARC

LEADER 00000naa$a2200000$$$4500
001 0108696
005 20240502072211.5
041 0 |a slo 
044 |a SK 
245 1 0 |a Starnutie obyvateľstva v SR  |c Soňa Coss 
500 |a Abstrakt 
610 2 0 |a demografia 
610 2 0 |a obyvateľstvo 
610 2 0 |a starnutie populácie 
610 2 0 |a štatistika 
610 2 0 |a Slovensko 
100 1 |a Coss, Soňa